00829nam a22002537a 45000010005000000030006000050050017000110080041000280200018000690400029000870500015001160820018001311000030001492450083001792500042002622600038003043000044003425050008003865200076003945210020004705210020004906500030005107000035005404483FISKH20240912082742.0240912b cb ||||| |||| 00| 0 eng d a9780590441544 aFISKHbengcFISKHdFISKH aDT1949.M35 a324.268083092 aDenenberg, Barryeauthor  aNelson Mandela : bNo easy walk to freedom /cA bigography by Barry Denenberg  aFirst Scholastic printing, April 1995 aNew York : bScholastic , c1991. a211 pages :billustrations ;c20 cm .  aZ  aRecounts the life, imprisonment, and leadership role of Nelson Mandela.8 a950 bLexile 8 aZ bRaz-Plus  acivil rightsvnon-fiction aPetronio, Kay eBook disigner